[Event "Russian Championship (Rapid, Women)"]
[Site "Sochi"]
[Date "2018.10.06"]
[Round "7.8"]
[White "Bodnaruk, Anastasia"]
[Black "Kabanova, Ekaterina"]
[Result "1-0"]
[BlackElo "2118"]
[WhiteElo "2479"]
[LiveChessVersion "1.4.8"]

1. e4 {[%clk 0:15:19]} c5 {[%clk 0:15:19]} 2. Nf3 {[%clk 0:15:27]} e6
{[%clk 0:15:28]} 3. Nc3 {[%clk 0:15:36]} a6 {[%clk 0:15:37]} 4. g3
{[%clk 0:15:41]} Qc7 {[%clk 0:15:43]} 5. Bg2 {[%clk 0:15:43]} b5 {[%clk 0:15:49]}
6. d4 {[%clk 0:15:51]} cxd4 {[%clk 0:15:52]} 7. Nxd4 {[%clk 0:15:59]} Bb7
{[%clk 0:16:01]} 8. O-O {[%clk 0:16:02]} d6 {[%clk 0:15:58]} 9. Re1
{[%clk 0:16:05]} Be7 {[%clk 0:16:05]} 10. a4 {[%clk 0:16:03]} bxa4
{[%clk 0:16:12]} 11. Nxa4 {[%clk 0:15:07]} Nd7 {[%clk 0:16:20]} 12. b3
{[%clk 0:14:56]} Ngf6 {[%clk 0:16:28]} 13. c4 {[%clk 0:14:52]} O-O
{[%clk 0:16:32]} 14. Nc3 {[%clk 0:14:38]} Rfe8 {[%clk 0:16:22]} 15. Bb2
{[%clk 0:14:26]} Nc5 {[%clk 0:16:27]} 16. Qc2 {[%clk 0:12:58]} h6
{[%clk 0:16:35]} 17. h3 {[%clk 0:12:35]} Rac8 {[%clk 0:16:23]} 18. Kh2
{[%clk 0:11:45]} Ncd7 {[%clk 0:16:32]} 19. f4 {[%clk 0:11:27]} Bf8
{[%clk 0:16:19]} 20. Nf3 {[%clk 0:10:22]} Qb8 {[%clk 0:15:15]} 21. Qe2
{[%clk 0:09:02]} Red8 {[%clk 0:12:17]} 22. Nd2 {[%clk 0:08:22]} Nc5
{[%clk 0:11:08]} 23. Na4 {[%clk 0:06:56]} Ncd7 {[%clk 0:10:52]} 24. Bc3
{[%clk 0:05:46]} Nh7 {[%clk 0:08:50]} 25. f5 {[%clk 0:04:29]} exf5
{[%clk 0:08:53]} 26. exf5 {[%clk 0:04:36]} Re8 {[%clk 0:08:58]} 27. Qf1
{[%clk 0:04:13]} Ndf6 {[%clk 0:08:46]} 28. Qh1 {[%clk 0:02:29]} d5
{[%clk 0:07:29]} 29. Nb6 {[%clk 0:01:31]} Nh5 {[%clk 0:06:32]} 30. Nf1
{[%clk 0:01:06]} Rxe1 {[%clk 0:02:39]} 31. Rxe1 {[%clk 0:00:43]} Re8
{[%clk 0:02:48]} 32. Nd7 {[%clk 0:00:32]} Qd8 {[%clk 0:02:52]} 33. Nxf8
{[%clk 0:00:29]} Rxe1 {[%clk 0:02:24]} 34. Bxe1 {[%clk 0:00:38]} Qxf8
{[%clk 0:02:33]} 35. Bxd5 Bc8 36. Ne3 {[%clk 0:00:37]} N5f6 {[%clk 0:02:33]} 37.
Bb7 {[%clk 0:00:30]} Bd7 {[%clk 0:02:10]} 38. Bf2 {[%clk 0:00:29]} Qa3
{[%clk 0:02:05]} 39. Qd1 {[%clk 0:00:34]} a5 {[%clk 0:01:42]} 40. h4
{[%clk 0:00:33]} Qb2 {[%clk 0:01:46]} 41. Qc2 {[%clk 0:00:21]} Qd4
{[%clk 0:01:55]} 42. Kg2 {[%clk 0:00:20]} Qe5 {[%clk 0:01:48]} 43. Bf3
{[%clk 0:00:28]} h5 {[%clk 0:01:36]} 44. c5 {[%clk 0:00:36]} Ng4 {[%clk 0:01:16]}
45. Nxg4 {[%clk 0:00:27]} hxg4 {[%clk 0:01:23]} 46. Bxg4 {[%clk 0:00:34]} Nf6
{[%clk 0:01:27]} 47. Bf3 {[%clk 0:00:39]} Bxf5 {[%clk 0:01:34]} 48. Qe2
{[%clk 0:00:36]} Qc3 {[%clk 0:01:12]} 49. Qe3 {[%clk 0:00:33]} Qc2
{[%clk 0:01:22]} 50. c6 {[%clk 0:00:36]} Ng4 {[%clk 0:00:37]} 51. Qc5
{[%clk 0:00:29]} Qd2 {[%clk 0:00:27]} 52. c7 {[%clk 0:00:27]} Nxf2
{[%clk 0:00:35]} 53. Qxf2 {[%clk 0:00:23]} Bh3+ {[%clk 0:00:32]} 54. Kxh3
{[%clk 0:00:28]} Qxf2 {[%clk 0:00:36]} 55. c8=Q+ {[%clk 0:00:37]} Kh7
{[%clk 0:00:46]} 56. Qf5+ {[%clk 0:00:39]} Kg8 {[%clk 0:00:53]} 57. Qe4
{[%clk 0:00:24]} g6 {[%clk 0:00:36]} 58. h5 {[%clk 0:00:29]} Qg1 {[%clk 0:00:33]}
59. hxg6 {[%clk 0:00:33]} Qf1+ {[%clk 0:00:37]} 60. Bg2 {[%clk 0:00:39]} Qb5
{[%clk 0:00:42]} 61. gxf7+ {[%clk 0:00:44]} Kg7 {[%clk 0:00:52]} 62. Qd5
{[%clk 0:00:40]} Qb4 {[%clk 0:00:47]} 63. Qf5 {[%clk 0:00:42]} Kf8
{[%clk 0:00:50]} 64. Bd5 {[%clk 0:00:35]} Qc3 {[%clk 0:00:53]} 65. Qh7
{[%clk 0:00:31]} Qc8+ {[%clk 0:01:01]} 66. Kh2 {[%clk 0:00:26]} 1-0

[Event "Russian Championship (Rapid, Women)"]
[Site "Sochi"]
[Date "2018.10.06"]
[Round "7.9"]
[White "Vifleemskaia, Svetlana"]
[Black "Kovanova, Baira"]
[Result "0-1"]
[BlackElo "2317"]
[WhiteElo "2075"]
[LiveChessVersion "1.4.8"]

1. d4 {[%clk 0:15:19]} Nf6 {[%clk 0:15:19]} 2. c4 {[%clk 0:15:27]} e6
{[%clk 0:15:28]} 3. Nc3 {[%clk 0:15:30]} Bb4 {[%clk 0:15:36]} 4. e3
{[%clk 0:15:37]} O-O {[%clk 0:15:35]} 5. Nge2 {[%clk 0:15:46]} d5
{[%clk 0:15:33]} 6. a3 {[%clk 0:15:47]} Bd6 {[%clk 0:14:58]} 7. cxd5
{[%clk 0:13:20]} exd5 {[%clk 0:15:05]} 8. g3 {[%clk 0:13:25]} a5 {[%clk 0:14:36]}
9. Bg2 {[%clk 0:13:17]} c6 {[%clk 0:14:44]} 10. O-O {[%clk 0:13:05]} Re8
{[%clk 0:14:07]} 11. Qc2 {[%clk 0:12:47]} Na6 {[%clk 0:14:09]} 12. Bd2
{[%clk 0:11:56]} Nc7 {[%clk 0:13:38]} 13. Na4 {[%clk 0:11:10]} Ne6
{[%clk 0:13:18]} 14. b4 {[%clk 0:08:44]} Ne4 {[%clk 0:11:16]} 15. Be1
{[%clk 0:06:06]} axb4 {[%clk 0:10:39]} 16. Bxb4 {[%clk 0:06:12]} N6g5
{[%clk 0:09:05]} 17. f3 {[%clk 0:01:54]} Nf6 {[%clk 0:07:08]} 18. Bd2
{[%clk 0:01:56]} h6 {[%clk 0:06:17]} 19. Nf4 {[%clk 0:01:42]} h5 {[%clk 0:04:29]}
20. h4 {[%clk 0:00:58]} Ne6 {[%clk 0:04:17]} 21. Nc5 {[%clk 0:00:18]} Bxf4
{[%clk 0:02:48]} 22. Nxe6 {[%clk 0:00:17]} Bxe3+ {[%clk 0:02:26]} 23. Bxe3
{[%clk 0:00:26]} Rxe6 {[%clk 0:02:35]} 24. Bf4 Qe7 {[%clk 0:02:41]} 25. Qd3
{[%clk 0:00:37]} b6 {[%clk 0:02:13]} 26. Rfb1 {[%clk 0:00:39]} Ba6
{[%clk 0:02:05]} 27. Qf5 {[%clk 0:00:30]} g6 {[%clk 0:01:47]} 28. Qc2
{[%clk 0:00:20]} Nd7 {[%clk 0:01:31]} 29. Bh3 {[%clk 0:00:21]} f5
{[%clk 0:01:39]} 30. Bg5 {[%clk 0:00:21]} Qe8 {[%clk 0:01:47]} 31. Qc3
{[%clk 0:00:13]} Bc4 {[%clk 0:01:50]} 32. Re1 {[%clk 0:00:21]} Nf8
{[%clk 0:00:55]} 33. Bf4 {[%clk 0:00:26]} Rxa3 {[%clk 0:00:45]} 34. Rxe6
{[%clk 0:00:26]} Rxa1+ {[%clk 0:00:53]} 35. Qxa1 {[%clk 0:00:31]} Qxe6
{[%clk 0:00:37]} 36. Be5 {[%clk 0:00:36]} Nd7 {[%clk 0:00:32]} 37. Qa8+
{[%clk 0:00:42]} Kf7 {[%clk 0:00:41]} 38. Qb7 {[%clk 0:00:29]} Qe7
{[%clk 0:00:39]} 39. Qxc6 {[%clk 0:00:13]} Nxe5 {[%clk 0:00:47]} 40. dxe5
{[%clk 0:00:20]} Qxe5 {[%clk 0:00:55]} 41. Qb7+ {[%clk 0:00:19]} Kf8
{[%clk 0:00:50]} 42. Qc8+ {[%clk 0:00:14]} Qe8 {[%clk 0:00:43]} 43. Qc7
{[%clk 0:00:13]} b5 {[%clk 0:00:35]} 44. Bg2 {[%clk 0:00:12]} Qe7
{[%clk 0:00:38]} 45. Qb8+ {[%clk 0:00:17]} Kg7 {[%clk 0:00:42]} 46. Qb6
{[%clk 0:00:21]} b4 {[%clk 0:00:35]} 47. Bf1 {[%clk 0:00:24]} b3 {[%clk 0:00:21]}
48. Bxc4 {[%clk 0:00:28]} dxc4 {[%clk 0:00:29]} 49. Qd4+ {[%clk 0:00:37]} Kh7
{[%clk 0:00:33]} 50. Qxc4 {[%clk 0:00:26]} b2 {[%clk 0:00:20]} 51. Qb3
{[%clk 0:00:13]} Qe1+ {[%clk 0:00:18]} 52. Kg2 {[%clk 0:00:22]} Qe2+
{[%clk 0:00:24]} 53. Kh3 {[%clk 0:00:25]} Qf1+ {[%clk 0:00:30]} 54. Kh2
{[%clk 0:00:34]} Qe2+ {[%clk 0:00:35]} 55. Kh3 {[%clk 0:00:20]} Qe5
{[%clk 0:00:48]} 56. Kg2 Kg7 57. Kf2 {[%clk 0:00:19]} Kf8 {[%clk 0:00:42]} 58.
Qb6 {[%clk 0:00:16]} Ke7 {[%clk 0:00:40]} 59. Qb4+ {[%clk 0:00:14]} Kd7
{[%clk 0:00:42]} 60. Qb7+ {[%clk 0:00:22]} Ke6 {[%clk 0:00:39]} 61. Qb6+ Kd7
{[%clk 0:00:29]} 62. Qb7+ {[%clk 0:00:32]} Kd8 {[%clk 0:00:37]} 63. Qb6+ Kc8 64.
Kg2 {[%clk 0:00:12]} Qe2+ {[%clk 0:00:42]} 65. Kh3 {[%clk 0:00:20]} Qf1+
{[%clk 0:00:45]} 66. Kh2 {[%clk 0:00:26]} b1=Q {[%clk 0:00:48]} 67. Qc6+
{[%clk 0:00:29]} Kb8 {[%clk 0:00:51]} 68. Qd6+ {[%clk 0:00:34]} Ka7
{[%clk 0:00:59]} 69. Qc7+ {[%clk 0:00:35]} Qb7 {[%clk 0:01:06]} 70. Qa5+
{[%clk 0:00:47]} Qfa6 {[%clk 0:01:09]} 71. Qc5+ {[%clk 0:00:47]} Kb8
{[%clk 0:01:10]} 72. Qf8+ {[%clk 0:00:53]} Qc8 {[%clk 0:01:04]} 73. Qb4+
{[%clk 0:01:04]} Ka7 {[%clk 0:01:05]} 74. Qd4+ {[%clk 0:01:11]} Qb6
{[%clk 0:01:10]} 75. Qa4+ Kb7 {[%clk 0:01:13]} 0-1

[Event "Russian Championship (Rapid, Women)"]
[Site "Sochi"]
[Date "2018.10.06"]
[Round "7.10"]
[White "Dordzhieva, Dinara"]
[Black "Markelova, Lubov"]
[Result "1-0"]
[BlackElo "2049"]
[WhiteElo "2248"]
[LiveChessVersion "1.4.8"]

1. Nf3 {[%clk 0:15:28]} d5 {[%clk 0:15:16]} 2. c4 c6 3. g3 {[%clk 0:15:35]} Nf6
4. Bg2 Bf5 {[%clk 0:15:31]} 5. O-O {[%clk 0:15:50]} e6 {[%clk 0:15:30]} 6. cxd5
{[%clk 0:15:50]} exd5 {[%clk 0:15:27]} 7. d3 {[%clk 0:15:59]} Be7
{[%clk 0:15:17]} 8. Qb3 {[%clk 0:16:05]} Qb6 {[%clk 0:15:16]} 9. Qc2
{[%clk 0:16:13]} Nbd7 {[%clk 0:15:08]} 10. Nc3 {[%clk 0:16:21]} O-O
{[%clk 0:15:02]} 11. e4 {[%clk 0:16:29]} dxe4 {[%clk 0:14:52]} 12. dxe4
{[%clk 0:16:35]} Bg6 {[%clk 0:14:23]} 13. Be3 {[%clk 0:16:35]} Qa5
{[%clk 0:13:46]} 14. Nh4 {[%clk 0:16:30]} Ng4 {[%clk 0:11:38]} 15. Nxg6
{[%clk 0:16:07]} hxg6 {[%clk 0:11:44]} 16. Bd4 {[%clk 0:16:07]} Rad8
{[%clk 0:09:19]} 17. Rad1 {[%clk 0:16:10]} Bc5 {[%clk 0:07:07]} 18. h3
{[%clk 0:15:55]} Ngf6 {[%clk 0:06:30]} 19. Bxc5 {[%clk 0:15:21]} Qxc5
{[%clk 0:06:34]} 20. Rd2 {[%clk 0:15:22]} Ne5 {[%clk 0:06:29]} 21. Rfd1
{[%clk 0:15:28]} Rxd2 {[%clk 0:06:17]} 22. Qxd2 {[%clk 0:15:32]} Nc4
{[%clk 0:06:01]} 23. Qe2 {[%clk 0:15:41]} Re8 {[%clk 0:05:13]} 24. Kh2
{[%clk 0:15:39]} b5 {[%clk 0:05:03]} 25. Qc2 {[%clk 0:13:47]} Ne5
{[%clk 0:03:28]} 26. Qe2 {[%clk 0:12:05]} Nc4 {[%clk 0:03:33]} 27. Rc1
{[%clk 0:10:57]} Qd4 {[%clk 0:03:04]} 28. b3 {[%clk 0:09:30]} Ne5
{[%clk 0:02:27]} 29. Rc2 {[%clk 0:09:23]} Nd3 {[%clk 0:01:54]} 30. Rd2
{[%clk 0:07:48]} Qxc3 {[%clk 0:01:43]} 31. Rxd3 {[%clk 0:07:56]} Qc5
{[%clk 0:00:34]} 32. f3 {[%clk 0:05:35]} Nd5 {[%clk 0:00:33]} 33. Qd2
{[%clk 0:05:41]} Nf6 {[%clk 0:00:25]} 34. Rd4 {[%clk 0:04:48]} a5
{[%clk 0:00:24]} 35. f4 {[%clk 0:04:38]} Qh5 {[%clk 0:00:13]} 36. e5
{[%clk 0:03:19]} Ng4+ {[%clk 0:00:11]} 37. Kg1 {[%clk 0:03:28]} Nh6
{[%clk 0:00:19]} 38. Rd7 {[%clk 0:03:29]} g5 {[%clk 0:00:25]} 39. fxg5
{[%clk 0:03:29]} Rxe5 {[%clk 0:00:11]} 40. gxh6 {[%clk 0:03:25]} Re2
{[%clk 0:00:18]} 41. Rd8+ {[%clk 0:03:08]} Kh7 42. Qd3+ g6 {[%clk 0:00:19]} 43.
Qd4 {[%clk 0:02:49]} Rxg2+ {[%clk 0:00:14]} 44. Kxg2 {[%clk 0:02:58]} Qe2+
{[%clk 0:00:23]} 45. Qf2 {[%clk 0:03:07]} Qe4+ {[%clk 0:00:31]} 46. Kh2
{[%clk 0:03:15]} 1-0

[Event "Russian Championship (Rapid, Women)"]
[Site "Sochi"]
[Date "2018.10.06"]
[Round "7.11"]
[White "Solozhenkina, Elizaveta"]
[Black "Garifullina, Leya"]
[Result "0-1"]
[BlackElo "2030"]
[WhiteElo "2189"]
[LiveChessVersion "1.4.8"]

1. Nf3 {[%clk 0:15:19]} d5 {[%clk 0:15:19]} 2. g3 {[%clk 0:15:28]} e6
{[%clk 0:15:27]} 3. Bg2 {[%clk 0:15:37]} Nf6 {[%clk 0:15:36]} 4. O-O
{[%clk 0:15:45]} Be7 {[%clk 0:15:45]} 5. d3 {[%clk 0:15:54]} O-O {[%clk 0:15:54]}
6. Nbd2 {[%clk 0:16:04]} c5 {[%clk 0:16:03]} 7. e4 {[%clk 0:16:13]} Nc6
{[%clk 0:16:12]} 8. Re1 {[%clk 0:16:20]} Qc7 {[%clk 0:16:19]} 9. Qe2
{[%clk 0:15:34]} b5 {[%clk 0:16:25]} 10. e5 {[%clk 0:15:15]} Nd7 {[%clk 0:16:33]}
11. Nf1 {[%clk 0:15:24]} Bb7 {[%clk 0:16:39]} 12. h4 {[%clk 0:15:28]} Rfc8
{[%clk 0:16:36]} 13. Bf4 {[%clk 0:15:29]} a5 {[%clk 0:16:24]} 14. N1h2
{[%clk 0:15:15]} b4 {[%clk 0:16:12]} 15. Bh3 {[%clk 0:13:22]} Qd8
{[%clk 0:15:33]} 16. Ng5 {[%clk 0:10:56]} Bxg5 {[%clk 0:14:09]} 17. hxg5
{[%clk 0:08:45]} Nd4 {[%clk 0:13:21]} 18. Qd1 {[%clk 0:08:54]} Nf8
{[%clk 0:12:56]} 19. Be3 {[%clk 0:08:25]} a4 {[%clk 0:12:43]} 20. Rc1
{[%clk 0:06:31]} Nb5 {[%clk 0:11:50]} 21. Qh5 {[%clk 0:05:42]} d4
{[%clk 0:11:14]} 22. Bd2 {[%clk 0:05:15]} Qd5 {[%clk 0:11:06]} 23. Re4
{[%clk 0:05:02]} c4 {[%clk 0:10:48]} 24. Rce1 {[%clk 0:03:57]} cxd3
{[%clk 0:10:43]} 25. cxd3 {[%clk 0:04:05]} Qxa2 {[%clk 0:09:53]} 26. Ng4
{[%clk 0:02:02]} Bxe4 {[%clk 0:08:22]} 27. Nf6+ {[%clk 0:02:11]} Kh8
{[%clk 0:08:31]} 28. Rxe4 {[%clk 0:01:24]} Qb1+ {[%clk 0:07:55]} 29. Bf1
{[%clk 0:01:11]} gxf6 {[%clk 0:06:54]} 30. Rh4 {[%clk 0:00:47]} f5
{[%clk 0:06:09]} 31. Kg2 {[%clk 0:00:18]} Kg8 {[%clk 0:05:46]} 32. Bxb4
{[%clk 0:00:26]} Qxb2 {[%clk 0:05:09]} 33. Be7 {[%clk 0:00:23]} Rc2
{[%clk 0:03:42]} 34. Bf6 {[%clk 0:00:14]} Rxf2+ {[%clk 0:03:49]} 35. Kg1 Rxf1+
36. Kxf1 {[%clk 0:00:33]} Rc8 {[%clk 0:03:57]} 0-1

[Event "Russian Championship (Rapid, Women)"]
[Site "Sochi"]
[Date "2018.10.06"]
[Round "7.12"]
[White "Bulatova, Kamaliya"]
[Black "Nebolsina, Vera"]
[Result "1-0"]
[BlackElo "2157"]
[WhiteElo "1987"]
[LiveChessVersion "1.4.8"]

1. d4 {[%clk 0:15:19]} Nf6 {[%clk 0:15:19]} 2. c4 {[%clk 0:15:28]} g6
{[%clk 0:15:27]} 3. Nc3 {[%clk 0:15:36]} d5 {[%clk 0:15:36]} 4. cxd5
{[%clk 0:15:40]} Nxd5 {[%clk 0:15:44]} 5. Bd2 {[%clk 0:15:49]} Bg7
{[%clk 0:15:37]} 6. e4 {[%clk 0:15:58]} Nb6 {[%clk 0:15:13]} 7. Be3
{[%clk 0:16:01]} c6 {[%clk 0:11:38]} 8. h3 {[%clk 0:15:47]} Be6 {[%clk 0:10:50]}
9. Nf3 {[%clk 0:15:04]} h6 {[%clk 0:10:53]} 10. Be2 {[%clk 0:13:41]} a5
{[%clk 0:06:56]} 11. O-O {[%clk 0:13:30]} O-O {[%clk 0:07:03]} 12. Qd2
{[%clk 0:13:13]} Nc4 {[%clk 0:06:54]} 13. Bxc4 {[%clk 0:12:53]} Bxc4
{[%clk 0:07:03]} 14. Rfd1 {[%clk 0:12:35]} Kh7 {[%clk 0:07:09]} 15. d5
{[%clk 0:12:33]} cxd5 {[%clk 0:06:27]} 16. exd5 {[%clk 0:11:14]} Nd7
{[%clk 0:06:31]} 17. Rac1 {[%clk 0:11:20]} Nf6 {[%clk 0:05:22]} 18. Qd4
{[%clk 0:10:04]} Ba6 {[%clk 0:04:58]} 19. Qh4 {[%clk 0:10:07]} Rc8
{[%clk 0:04:35]} 20. Ne4 {[%clk 0:08:08]} Nxe4 {[%clk 0:04:14]} 21. Qxe4
{[%clk 0:07:51]} Rxc1 {[%clk 0:04:00]} 22. Bxc1 {[%clk 0:07:56]} f5
{[%clk 0:03:52]} 23. Qh4 {[%clk 0:07:32]} e5 {[%clk 0:03:22]} 24. Bg5
{[%clk 0:07:04]} Qd7 {[%clk 0:03:20]} 25. Bxh6 {[%clk 0:06:10]} Bxh6
{[%clk 0:03:02]} 26. Ng5+ {[%clk 0:06:19]} Kg7 {[%clk 0:02:18]} 27. Ne6+
{[%clk 0:06:28]} Kg8 {[%clk 0:02:27]} 28. Qxh6 {[%clk 0:06:14]} Rf6
{[%clk 0:02:35]} 29. Rc1 {[%clk 0:06:20]} 1-0

[Event "Russian Championship (Rapid, Women)"]
[Site "Sochi"]
[Date "2018.10.06"]
[Round "8.1"]
[White "Ambartsumova, Karina"]
[Black "Drozdova, Dina"]
[Result "0-1"]
[BlackElo "2206"]
[WhiteElo "2327"]
[LiveChessVersion "1.4.8"]

1. d4 {[%clk 0:15:08]} Nf6 {[%clk 0:15:15]} 2. Nf3 {[%clk 0:15:04]} e6
{[%clk 0:15:19]} 3. c4 {[%clk 0:14:31]} b6 {[%clk 0:15:24]} 4. a3
{[%clk 0:13:31]} Bb7 {[%clk 0:15:18]} 5. Nc3 {[%clk 0:13:26]} g6 {[%clk 0:15:14]}
6. Qc2 {[%clk 0:12:29]} Bg7 {[%clk 0:15:18]} 7. e4 {[%clk 0:12:16]} d6
{[%clk 0:14:11]} 8. Be2 {[%clk 0:10:51]} Nbd7 {[%clk 0:13:51]} 9. O-O
{[%clk 0:10:41]} e5 {[%clk 0:13:38]} 10. d5 {[%clk 0:08:40]} a5 {[%clk 0:13:06]}
11. Rb1 {[%clk 0:08:48]} O-O {[%clk 0:13:11]} 12. Ne1 {[%clk 0:08:43]} Ne8
{[%clk 0:12:37]} 13. Be3 {[%clk 0:08:08]} f5 {[%clk 0:12:34]} 14. f3
{[%clk 0:08:16]} f4 {[%clk 0:12:41]} 15. Bf2 {[%clk 0:08:25]} g5 {[%clk 0:12:24]}
16. b4 {[%clk 0:07:45]} axb4 {[%clk 0:12:31]} 17. axb4 {[%clk 0:07:54]} Bc8
{[%clk 0:12:37]} 18. Nd3 {[%clk 0:07:51]} Ndf6 {[%clk 0:10:42]} 19. c5
{[%clk 0:06:03]} bxc5 {[%clk 0:10:50]} 20. bxc5 {[%clk 0:06:12]} g4
{[%clk 0:10:29]} 21. Nb5 {[%clk 0:05:03]} gxf3 {[%clk 0:08:33]} 22. Bxf3
{[%clk 0:04:48]} Ng4 {[%clk 0:08:08]} 23. Rfc1 {[%clk 0:03:48]} Nxf2
{[%clk 0:07:37]} 24. Qxf2 {[%clk 0:03:56]} Bd7 {[%clk 0:07:36]} 25. c6
{[%clk 0:03:09]} Bc8 {[%clk 0:07:41]} 26. Na7 {[%clk 0:03:17]} Nf6
{[%clk 0:07:32]} 27. Nxc8 {[%clk 0:03:09]} Rxc8 {[%clk 0:07:28]} 28. Qh4
{[%clk 0:02:50]} Kh8 {[%clk 0:07:21]} 29. Rc4 {[%clk 0:02:01]} Qe8
{[%clk 0:07:10]} 30. Bg4 {[%clk 0:01:48]} Nxg4 {[%clk 0:07:07]} 31. Qxg4
{[%clk 0:01:57]} f3 {[%clk 0:07:16]} 32. gxf3 {[%clk 0:01:54]} Bh6
{[%clk 0:07:25]} 33. Kh1 {[%clk 0:01:48]} Rg8 {[%clk 0:06:23]} 34. Qh3
{[%clk 0:01:51]} Be3 {[%clk 0:06:24]} 35. Rc2 {[%clk 0:01:47]} Qf7
{[%clk 0:06:06]} 36. Rg2 {[%clk 0:00:23]} Rxg2 {[%clk 0:06:10]} 37. Qxg2
{[%clk 0:00:31]} Rg8 {[%clk 0:06:18]} 38. Qe2 {[%clk 0:00:38]} Bd4
{[%clk 0:06:21]} 39. Rf1 {[%clk 0:00:16]} Qg6 {[%clk 0:06:24]} 40. h3
{[%clk 0:00:21]} Qg3 {[%clk 0:05:07]} 41. Qh2 {[%clk 0:00:27]} Qh4
{[%clk 0:05:16]} 42. Ne1 {[%clk 0:00:13]} Rg3 {[%clk 0:05:06]} 43. Ng2
{[%clk 0:00:23]} Qxh3 {[%clk 0:05:15]} 44. f4 {[%clk 0:00:25]} Rf3
{[%clk 0:03:14]} 45. Rxf3 {[%clk 0:00:19]} Qxf3 {[%clk 0:03:23]} 46. Qh4
{[%clk 0:00:17]} Qf1+ {[%clk 0:02:26]} 47. Kh2 {[%clk 0:00:27]} Qg1+
{[%clk 0:00:55]} 48. Kh3 {[%clk 0:00:32]} Qh1+ {[%clk 0:01:05]} 49. Kg3
{[%clk 0:00:39]} exf4+ {[%clk 0:01:14]} 50. Kf3 {[%clk 0:00:12]} Qf1+
{[%clk 0:01:20]} 51. Kg4 {[%clk 0:00:13]} Qxg2+ {[%clk 0:01:28]} 52. Kf5
{[%clk 0:00:13]} Qg6+ {[%clk 0:01:28]} 53. Kxf4 {[%clk 0:00:22]} Qf6+
{[%clk 0:01:37]} 54. Qxf6+ {[%clk 0:00:29]} Bxf6 {[%clk 0:01:46]} 55. Kf5
{[%clk 0:00:27]} Bd4 {[%clk 0:01:52]} 56. Ke6 {[%clk 0:00:26]} h5
{[%clk 0:01:58]} 57. e5 {[%clk 0:00:21]} Bxe5 {[%clk 0:01:25]} 58. Kd7
{[%clk 0:00:31]} h4 {[%clk 0:01:22]} 59. Kxc7 {[%clk 0:00:39]} h3
{[%clk 0:01:26]} 60. Kb7 {[%clk 0:00:27]} h2 {[%clk 0:01:33]} 61. c7
{[%clk 0:00:35]} h1=Q {[%clk 0:01:41]} 62. c8=Q+ {[%clk 0:00:44]} Kg7
{[%clk 0:01:31]} 63. Qg4+ {[%clk 0:00:18]} Kf6 {[%clk 0:01:37]} 64. Qe6+
{[%clk 0:00:22]} Kg5 {[%clk 0:01:46]} 65. Kc6 {[%clk 0:00:13]} Qh7
{[%clk 0:01:27]} 66. Kb6 {[%clk 0:00:12]} Kf4 {[%clk 0:00:59]} 67. Qc8
{[%clk 0:00:13]} Qb1+ {[%clk 0:01:07]} 68. Ka6 {[%clk 0:00:19]} Qa2+
{[%clk 0:01:16]} 69. Kb6 {[%clk 0:00:23]} Qb3+ {[%clk 0:01:13]} 70. Ka6
{[%clk 0:00:28]} Qa4+ {[%clk 0:01:20]} 71. Kb6 {[%clk 0:00:33]} Bd4+
{[%clk 0:01:07]} 72. Kc7 {[%clk 0:00:29]} Qc4+ {[%clk 0:01:15]} 0-1

[Event "Russian Championship (Rapid, Women)"]
[Site "Sochi"]
[Date "2018.10.06"]
[Round "8.2"]
[White "Guseva, Marina"]
[Black "Kashlinskaya, Alina"]
[Result "1-0"]
[BlackElo "2353"]
[WhiteElo "2320"]
[LiveChessVersion "1.4.8"]

1. d4 {[%clk 0:15:19]} d5 {[%clk 0:15:07]} 2. c4 {[%clk 0:15:27]} e6
{[%clk 0:15:16]} 3. Nc3 {[%clk 0:15:35]} c6 {[%clk 0:15:23]} 4. e3
{[%clk 0:15:43]} Bd6 {[%clk 0:15:31]} 5. Bd3 {[%clk 0:15:49]} f5 {[%clk 0:15:40]}
6. Nge2 {[%clk 0:15:55]} Nf6 {[%clk 0:15:47]} 7. f3 {[%clk 0:16:03]} O-O
{[%clk 0:15:53]} 8. O-O {[%clk 0:16:11]} Nbd7 {[%clk 0:14:04]} 9. cxd5
{[%clk 0:16:05]} cxd5 {[%clk 0:14:08]} 10. Bd2 {[%clk 0:16:05]} a6
{[%clk 0:13:17]} 11. Rc1 {[%clk 0:15:42]} b5 {[%clk 0:13:21]} 12. Be1
{[%clk 0:14:08]} Nh5 {[%clk 0:12:18]} 13. Ng3 {[%clk 0:13:34]} Ndf6
{[%clk 0:10:28]} 14. Nce2 {[%clk 0:12:29]} Bb7 {[%clk 0:10:33]} 15. a3
{[%clk 0:08:09]} Qe7 {[%clk 0:10:19]} 16. Qb3 {[%clk 0:06:28]} f4
{[%clk 0:08:49]} 17. exf4 {[%clk 0:06:11]} Nxf4 {[%clk 0:08:36]} 18. Nxf4
{[%clk 0:06:17]} Bxf4 {[%clk 0:08:45]} 19. Bb4 {[%clk 0:06:14]} Qd7
{[%clk 0:07:54]} 20. Bxf8 {[%clk 0:06:17]} Bxc1 {[%clk 0:08:02]} 21. Rxc1
{[%clk 0:06:16]} Rxf8 {[%clk 0:08:11]} 22. Qb4 {[%clk 0:06:11]} Rc8
{[%clk 0:08:08]} 23. Rxc8+ {[%clk 0:05:42]} Qxc8 {[%clk 0:08:16]} 24. Ne2
{[%clk 0:05:49]} Qc7 {[%clk 0:08:05]} 25. f4 {[%clk 0:05:02]} Ne4
{[%clk 0:05:54]} 26. Bxe4 {[%clk 0:05:04]} dxe4 {[%clk 0:06:03]} 27. Qd2
{[%clk 0:05:06]} Qc4 {[%clk 0:05:51]} 28. Kf2 {[%clk 0:04:58]} a5
{[%clk 0:05:41]} 29. Qc3 {[%clk 0:04:44]} Qd5 {[%clk 0:05:07]} 30. Qxa5
{[%clk 0:04:34]} e3+ {[%clk 0:05:03]} 31. Kxe3 {[%clk 0:04:42]} Qe4+
{[%clk 0:04:24]} 32. Kd2 {[%clk 0:04:49]} Qxg2 {[%clk 0:04:33]} 33. Qxb5
{[%clk 0:04:45]} Bc6 {[%clk 0:03:16]} 34. Qg5 {[%clk 0:04:03]} Qf3
{[%clk 0:03:25]} 35. Qg3 {[%clk 0:03:09]} Qd5 {[%clk 0:03:25]} 36. Qe3
{[%clk 0:02:53]} h6 {[%clk 0:03:34]} 37. Nc3 {[%clk 0:02:51]} Qb3
{[%clk 0:03:08]} 38. Kc1 {[%clk 0:02:55]} Qc4 {[%clk 0:02:18]} 39. Kc2
{[%clk 0:02:34]} Ba4+ {[%clk 0:01:45]} 40. Kd2 {[%clk 0:02:40]} Bb3
{[%clk 0:01:43]} 41. Qd3 {[%clk 0:01:58]} Qc7 {[%clk 0:01:45]} 42. Qe4
{[%clk 0:01:46]} Qd7 {[%clk 0:00:39]} 43. Ke3 {[%clk 0:01:39]} Qf7
{[%clk 0:00:27]} 44. Qe5 {[%clk 0:01:22]} Qb7 {[%clk 0:00:25]} 45. Qb5
{[%clk 0:01:02]} Qg2 {[%clk 0:00:18]} 46. Qxb3 {[%clk 0:01:08]} Qxh2
{[%clk 0:00:26]} 47. Qxe6+ Kh7 48. Qe4+ {[%clk 0:01:17]} Kg8 {[%clk 0:00:45]} 49.
Ne2 {[%clk 0:01:15]} g5 {[%clk 0:00:42]} 50. Qg6+ {[%clk 0:00:59]} Kf8
{[%clk 0:00:49]} 51. fxg5 {[%clk 0:01:00]} Qh3+ {[%clk 0:00:55]} 52. Kd2
{[%clk 0:01:09]} hxg5 {[%clk 0:01:03]} 53. Qxg5 {[%clk 0:01:17]} Qb3
{[%clk 0:01:12]} 54. Qc5+ {[%clk 0:01:20]} 1-0